000 00843cab a2200265 4500
001 ABS59699
008 090401t1998 xxu||||| |||| 00| 0 eng d
035 _a(Sirsi) u89710
041 _aeng
100 _aHann, I.
245 _aLate payment of commercial debts
260 _c1998
350 _a0
490 _aNLJ Practitioner
_v148(6864) 13 November 1998, 1676-1681(2)
520 _aConsiders and compares the provisions of the Late Payment of Commercial Debts (Interest) Act 1998, and the draft EC Directive "Combating Late Payment in Commercial Transactions".
650 _aEC DIRECTIVES
650 _aLATE PAYMENT OF COMMERCIAL DEBTS (INTEREST) ACT 1998
650 _aPROVISIONS
650 _aRATE OF INTEREST
650 _aRIGHTS
650 _aSMALL BUSINESSES
690 _aLAW
942 _n0
948 _c16/11/1998
999 _c56776
_d56776